000
00306nam a22001337a 4500
008
180927b xxu||||| |||| 00| 0 eng d
020
_a
0801610656
041
_a
eng
080
_2
7 ED
_a
617
100
_a
8
101
_a
ORT
245
_a
Cambells Operative Ortopaedics
_c
Crenshav.A.H
942
_2
udc
_c
BK
999
_c
48636
_d
48636